International Business : (Record no. 4564)
[ view plain ]
| 000 -LEADER | |
|---|---|
| fixed length control field | 01082nac a22003011u 4500 |
| 008 - FIXED-LENGTH DATA ELEMENTS--GENERAL INFORMATION | |
| fixed length control field | 110619s2004 njuab frb 001 0 eng d |
| 010 ## - LIBRARY OF CONGRESS CONTROL NUMBER | |
| LC control number | 2003048235 |
| 020 ## - INTERNATIONAL STANDARD BOOK NUMBER | |
| International Standard Book Number | 0131217267 |
| 020 ## - INTERNATIONAL STANDARD BOOK NUMBER | |
| International Standard Book Number | 9780131217263 |
| 040 ## - CATALOGING SOURCE | |
| Original cataloging agency | EG-ScBUE |
| Language of cataloging | eng |
| Transcribing agency | EG-ScBUE |
| 082 04 - DEWEY DECIMAL CLASSIFICATION NUMBER | |
| Classification number | 658.18 |
| Item number | DAN |
| Edition number | 22 |
| 100 1# - MAIN ENTRY--PERSONAL NAME | |
| Personal name | Daniels, John D. |
| 9 (RLIN) | 25496 |
| 245 10 - TITLE STATEMENT | |
| Title | International Business : |
| Statement of responsibility, etc | John D. Daniels, Lee H. Radebaugh, Daniel P. Sullivan. |
| Remainder of title | Environments and Operations / |
| 250 ## - EDITION STATEMENT | |
| Edition statement | 10th ed. |
| 260 ## - PUBLICATION, DISTRIBUTION, ETC. (IMPRINT) | |
| Place of publication, distribution, etc | Upper Saddle River : |
| Name of publisher, distributor, etc | Prentice Hall, |
| Date of publication, distribution, etc | c.2004. |
| 300 ## - PHYSICAL DESCRIPTION | |
| Extent | xxxiii, 701 p. : |
| Other physical details | col. ill., col. maps ; |
| Dimensions | 29 cm. |
| 500 ## - GENERAL NOTE | |
| General note | Indexes: p. 679-702. |
| 504 ## - BIBLIOGRAPHY, ETC. NOTE | |
| Bibliography, etc | Includes bibliographical references. |
| 590 ## - LOCAL NOTE (RLIN) | |
| Local note | Menna Elemam |
| 650 #0 - SUBJECT ADDED ENTRY--TOPICAL TERM | |
| Topical term or geographic name as entry element | International business enterprises. |
| 9 (RLIN) | 25497 |
| Source of heading or term | BUEsh |
| 650 #0 - SUBJECT ADDED ENTRY--TOPICAL TERM | |
| Topical term or geographic name as entry element | International economic relations. |
| 9 (RLIN) | 25498 |
| Source of heading or term | BUEsh |
| 650 #0 - SUBJECT ADDED ENTRY--TOPICAL TERM | |
| Topical term or geographic name as entry element | Investments, Foreign. |
| 9 (RLIN) | 25499 |
| Source of heading or term | BUEsh |
| 651 ## - SUBJECT ADDED ENTRY--GEOGRAPHIC NAME | |
| Source of heading or term | BUEsh |
| 653 ## - INDEX TERM--UNCONTROLLED | |
| Resource For college | BAEPS, Business Administration |
| Arrived date list | August2015 |
| 700 1# - ADDED ENTRY--PERSONAL NAME | |
| Personal name | Radebaugh, Lee H. |
| 9 (RLIN) | 25500 |
| 700 1# - ADDED ENTRY--PERSONAL NAME | |
| Personal name | Sullivan, Daniel P. |
| 9 (RLIN) | 25501 |
| 942 ## - ADDED ENTRY ELEMENTS (KOHA) | |
| Item type | Book - Borrowing |
| Call number prefix | 658.18 DAN |
| Source of classification or shelving scheme | Dewey Decimal Classification |
| Withdrawn status | Item status | Damaged status | Not for loan | Home library | Current library | Shelving location | Date acquired | Source of acquisition | Total Checkouts | Total Renewals | Full call number | Barcode | Date last seen | Date last borrowed | Koha item type |
|---|---|---|---|---|---|---|---|---|---|---|---|---|---|---|---|
| Central Library | Central Library | First floor | 07/09/2010 | Purchase | 3 | 2 | 658.18 DAN | 000005704 | 15/07/2025 | 17/04/2011 | Book - Borrowing | ||||
| Central Library | Central Library | First floor | 07/09/2010 | Purchase | 658.18 DAN | 000005705 | 15/07/2025 | Book - Borrowing |